000 00525 a2200217 4500
001 108599
020 _a0152594647
041 _aeng
082 _a398
100 _aMcDermott, Gerald.
250 _a. ed.
300 _a[40] p.
697 _aParrots - Fiction.
697 _aJungles - Fiction.
856 _u00001a/00001af6.jpg
040 _aBR-BrIDEA
_cBR-BrIDEA
090 _aP Year 4 398
_bMCD
245 1 0 _aPapagayo
_bthe mischief maker
_c Gerald McDermott
260 _aNew York
_bHarcourt
_c1992
942 _cBK
999 _c108599
_d108599